[Event "Russian Championship G19 2016"]
[Site "Loo"]
[Date "2016.04.21"]
[Round "2.5"]
[White "Marjina, Arina"]
[Black "Matiukova, Uliana"]
[Result "1-0"]
[WhiteElo "2024"]
[BlackElo "2161"]
[PlyCount "93"]
[EventDate "2016.04.20"]

1. e4 c5 2. Nf3 d6 3. Bb5+ Bd7 4. Bxd7+ Qxd7 5. c4 g6 6. d4 cxd4 7. Nxd4 Bg7 8.
Nc3 Nc6 9. Be3 Rc8 10. b3 Nf6 11. f3 O-O 12. O-O Ne8 13. Rc1 f5 14. exf5 gxf5
15. f4 Nf6 16. h3 Rcd8 17. Qd3 e6 18. Rcd1 a6 19. Nf3 Ne8 20. Bf2 h6 21. Rfe1
Qf7 22. Bb6 Rd7 23. Ne5 Bxe5 24. fxe5 Nb8 25. exd6 Rxd6 26. Qg3+ Qg7 27. Qxg7+
Kxg7 28. Rxd6 Nxd6 29. Rxe6 Nc8 30. Bd4+ Kh7 31. Nd5 Nd7 32. Be3 Rf7 33. Rxh6+
Kg8 34. Bd4 Rh7 35. Rg6+ Kf7 36. Rg5 Nd6 37. Ne3 Rh4 38. Bb2 f4 39. Nd5 Nf8 40.
Rg7+ Ke6 41. Nc7+ Kf5 42. Rg8 Ng6 43. Rd8 Nf7 44. Rd5+ Ke4 45. Ne6 b5 46. Nc5+
Ke3 47. Kf1 1-0

[Event "Russian Championship G19 2016"]
[Site "Loo"]
[Date "2016.04.21"]
[Round "2.6"]
[White "Solozhenkina, Elizaveta"]
[Black "Ochneva, Inga"]
[Result "1-0"]
[WhiteElo "2137"]
[BlackElo "2042"]
[PlyCount "89"]
[EventDate "2016.04.20"]

1. e4 e6 2. d4 d5 3. Nc3 Bb4 4. e5 c5 5. Bd2 Nh6 6. Nb5 Bxd2+ 7. Qxd2 O-O 8.
dxc5 Nc6 9. Nf3 Nf5 10. Bd3 Qe7 11. Nd6 f6 12. Bxf5 exf5 13. O-O fxe5 14. Qxd5+
Be6 15. Qd2 Rad8 16. b4 h6 17. a4 b6 18. Rfe1 Qf6 19. Rad1 bxc5 20. bxc5 e4 21.
Nd4 Nxd4 22. Qxd4 Qg5 23. Qe5 Rf6 24. Nxe4 Rxd1 25. Nxg5 Rxe1+ 26. Qxe1 hxg5
27. c6 Bc8 28. Qe8+ Rf8 29. Qe7 a6 30. Qxg5 Rf6 31. Qh5 Rf8 32. Qg6 Rf6 33.
Qe8+ Rf8 34. Qe5 Rd8 35. h4 Rf8 36. f4 Kh7 37. Kf2 Kg8 38. Ke3 Kf7 39. Kd4 Re8
40. Qc7+ Kf6 41. Kc5 g6 42. a5 Rf8 43. Kb6 Re8 44. Qd6+ Re6 45. Qf8# 1-0

[Event "Russian Championship G19 2016"]
[Site "Loo"]
[Date "2016.04.21"]
[Round "2.8"]
[White "Lysenko, Margarita"]
[Black "Sataeva, Lana"]
[Result "1-0"]
[WhiteElo "2071"]
[BlackElo "1726"]
[PlyCount "81"]
[EventDate "2016.04.20"]

1. d4 f5 2. Nc3 Nf6 3. Bg5 e6 4. e4 fxe4 5. Nxe4 Be7 6. Bxf6 Bxf6 7. Nf3 Nc6 8.
c3 b6 9. Bd3 Bb7 10. Qc2 g6 11. h4 Bg7 12. Neg5 Ne7 13. Nxh7 Nf5 14. Nhg5 Qf6
15. Be4 d5 16. Bxf5 gxf5 17. Qa4+ Kf8 18. Qd7 Bc8 19. Qxc7 Kg8 20. O-O-O Bh6
21. Kb1 f4 22. Ka1 Ba6 23. Rhe1 Bxg5 24. hxg5 Qf7 25. Qxf7+ Kxf7 26. b3 Rac8
27. Kb2 Bb5 28. Rc1 Ke7 29. Rh1 Bd3 30. Ne5 Bf5 31. g4 fxg3 32. fxg3 Rhg8 33.
g4 Be4 34. Rhf1 Kd6 35. Rf7 Rc7 36. Rcf1 Bg6 37. Rxc7 Kxc7 38. Rf6 Be4 39. g6
a6 40. Rf7+ Kd8 41. g7 1-0

[Event "Russian Championship G19 2016"]
[Site "Loo"]
[Date "2016.04.21"]
[Round "2.9"]
[White "Yarisko, Arina"]
[Black "Drogovoz, Irina"]
[Result "0-1"]
[WhiteElo "1863"]
[BlackElo "2205"]
[PlyCount "102"]
[EventDate "2016.04.20"]

1. d4 d5 2. Nf3 Nf6 3. g3 g6 4. Bg2 Bg7 5. O-O O-O 6. c4 dxc4 7. Na3 c3 8. bxc3
c5 9. Bb2 Nc6 10. Nc4 Bf5 11. Nfe5 Nxe5 12. Nxe5 Qc7 13. Re1 Rac8 14. e4 Be6
15. Qe2 Nd7 16. Nxd7 Bxd7 17. e5 cxd4 18. cxd4 Qb6 19. a4 Rc7 20. Be4 Rfc8 21.
Ba3 Qxd4 22. Rab1 Qxe5 23. Rxb7 Bxa4 24. Bb2 Qe6 25. Bxg7 Kxg7 26. Qd2 Qf6 27.
Reb1 Rxb7 28. Rxb7 a6 29. Qb4 Bb5 30. Qe1 Qb2 31. Kg2 Qf6 32. Ra7 e6 33. Qe3
Rc3 34. Qd2 Rc4 35. Qe3 Qd4 36. Qxd4+ Rxd4 37. Bf3 Kf6 38. h4 Rd7 39. Ra8 h5
40. Rc8 Ke5 41. Rc1 Kd6 42. Rd1+ Kc5 43. Rxd7 Bxd7 44. Bd1 a5 45. Kf3 Kb4 46.
Kf4 f6 47. Bc2 e5+ 48. Kf3 Be8 49. g4 a4 50. gxh5 gxh5 51. Bb1 Bf7 0-1

[Event "Russian Championship G19 2016"]
[Site "Loo"]
[Date "2016.04.21"]
[Round "2.10"]
[White "Alekseeva, Irina"]
[Black "Mukhtarova, Viktoriya"]
[Result "1/2-1/2"]
[WhiteElo "2177"]
[BlackElo "1899"]
[PlyCount "184"]
[EventDate "2016.04.20"]

1. d4 Nf6 2. Nc3 g6 3. e4 d6 4. f3 Bg7 5. Be3 O-O 6. Qd2 e5 7. d5 Nbd7 8. O-O-O
Ne8 9. g4 f5 10. gxf5 gxf5 11. exf5 Rxf5 12. Bh3 Rf8 13. Be6+ Kh8 14. Nh3 Nc5
15. Ng5 Nxe6 16. dxe6 Qf6 17. Nd5 Qf5 18. Ne7 Qf6 19. Nd5 Qf5 20. Nf7+ Rxf7 21.
exf7 Qxf7 22. f4 c6 23. Nc3 Be6 24. fxe5 dxe5 25. Rdf1 Qe7 26. Bh6 Bf7 27. h4
b5 28. Bxg7+ Nxg7 29. Qg5 Qc7 30. Qf6 Bc4 31. Rfg1 Re8 32. h5 Qf7 33. Ne4 Qxf6
34. Nxf6 Rf8 35. h6 Rxf6 36. hxg7+ Kg8 37. Rh5 Rg6 38. Rhg5 Kxg7 39. Kd2 Kf6
40. Rxg6+ hxg6 41. Ke3 Kf5 42. b3 Bd5 43. Rf1+ Kg4 44. Rb1 g5 45. c4 Bg2 46.
cxb5 cxb5 47. Rc1 Kf5 48. Rc7 a5 49. Ra7 a4 50. bxa4 bxa4 51. Rxa4 g4 52. Ra7
Bd5 53. a4 g3 54. a5 g2 55. Kf2 Ke6 56. Ra6+ Kd7 57. Rb6 Kc7 58. Rb2 Kc6 59. a6
Kc7 60. Rb5 Ba8 61. Rxe5 Kb6 62. Re6+ Ka7 63. Re1 Bd5 64. Rd1 Bc4 65. Kxg2 Kxa6
66. Kf3 Kb5 67. Ke4 Kb4 68. Kd4 Ba2 69. Rd2 Kb3 70. Rh2 Bb1 71. Rh3+ Kb2 72.
Kc4 Ba2+ 73. Kb4 Ka1 74. Kc3 Bb1 75. Rh1 Ka2 76. Rh4 Ka1 77. Kd2 Kb2 78. Rb4+
Ka1 79. Kc1 Ba2 80. Kc2 Bf7 81. Rb1+ Ka2 82. Rb7 Bg6+ 83. Kc3 Ka1 84. Kd2 Bb1
85. Kc1 Ba2 86. Kc2 Be6 87. Rb1+ Ka2 88. Rb6 Bf5+ 89. Kc1 Bd3 90. Rb8 Be4 91.
Kd2 Ka1 92. Kc3 Bd5 1/2-1/2

[Event "Russian Championship G19 2016"]
[Site "Loo"]
[Date "2016.04.21"]
[Round "2.11"]
[White "Maslova, Polina"]
[Black "Polkhovskaya, Polina"]
[Result "1-0"]
[WhiteElo "2096"]
[BlackElo "1822"]
[PlyCount "75"]
[EventDate "2016.04.20"]

1. e4 e5 2. Nf3 Nc6 3. Bb5 a6 4. Ba4 Nf6 5. O-O d6 6. c3 Bd7 7. Re1 Be7 8. d3
O-O 9. Nbd2 Re8 10. Nf1 Bf8 11. Ng3 g6 12. h3 Bg7 13. d4 h6 14. Bc2 Qe7 15. Be3
Kh7 16. Qd2 Rad8 17. Rac1 Bc8 18. Bb1 b6 19. d5 Nb8 20. b4 Rf8 21. c4 Ng8 22.
c5 bxc5 23. bxc5 Nd7 24. cxd6 cxd6 25. Rc7 h5 26. Ng5+ Kh8 27. Rec1 Ngf6 28.
R1c3 h4 29. Nf1 Nh5 30. Nf3 f5 31. Bg5 Bf6 32. Bxf6+ Qxf6 33. Qh6+ Kg8 34. Ng5
Qg7 35. Qxg7+ Nxg7 36. Ne6 Nxe6 37. dxe6 Rfe8 38. Rxc8 1-0

[Event "Russian Championship G19 2016"]
[Site "Loo"]
[Date "2016.04.21"]
[Round "2.12"]
[White "Arutyunova, Asya"]
[Black "Mukhina, Jana"]
[Result "1-0"]
[WhiteElo "1941"]
[BlackElo "2072"]
[PlyCount "71"]
[EventDate "2016.04.20"]

1. c4 e5 2. Nc3 Nf6 3. g3 c6 4. Bg2 d5 5. cxd5 cxd5 6. Qb3 Nc6 7. d3 Bb4 8. a3
Ba5 9. Bd2 O-O 10. Nf3 Bg4 11. h3 Bxf3 12. exf3 Nd4 13. Qd1 b5 14. O-O Rc8 15.
Rc1 Bxc3 16. bxc3 Ne6 17. Re1 Nd7 18. Bf1 a6 19. h4 Qc7 20. Bh3 Ndc5 21. Qc2
Na4 22. Qb1 f5 23. d4 e4 24. fxe4 dxe4 25. Rxe4 fxe4 26. Bxe6+ Kh8 27. Bxc8 e3
28. Bxe3 Rxc8 29. Bd2 Qc4 30. Qf5 h6 31. Re1 Qc7 32. Re6 Nxc3 33. Bxh6 Qa7 34.
Bxg7+ Kg8 35. Be5 Ne2+ 36. Kh2 1-0

[Event "Russian Championship G19 2016"]
[Site "Loo"]
[Date "2016.04.21"]
[Round "2.13"]
[White "Khatmullina, Dilara"]
[Black "Bocharova, Ulyana"]
[Result "1-0"]
[WhiteElo "2049"]
[BlackElo "1939"]
[PlyCount "95"]
[EventDate "2016.04.20"]

1. e4 c5 2. Nf3 Nc6 3. d4 cxd4 4. Nxd4 d6 5. Nc3 Nf6 6. Bg5 e6 7. Qd2 Be7 8.
O-O-O a6 9. f4 Bd7 10. Nb3 Qc7 11. Be2 O-O-O 12. Bh4 Na5 13. Bf2 Nxb3+ 14. axb3
Qa5 15. Kb1 Bc6 16. Qe3 Nd7 17. Rd4 Qb6 18. b4 Bf6 19. e5 dxe5 20. Rxd7 Qxe3
21. Rxd8+ Rxd8 22. Bxe3 exf4 23. Bb6 Bxg2 24. Rg1 f3 25. Bxd8 Bxd8 26. Bc4 Bb6
27. Rd1 f2 28. Bf1 Bf3 29. Rd3 Bc6 30. b3 h5 31. Na4 Ba7 32. Nc5 b6 33. Nxa6
Kb7 34. Rd2 f5 35. b5 Bd5 36. Ka2 g5 37. Rxf2 g4 38. Kb2 h4 39. Kc3 Kc8 40. Kd4
h3 41. Ke5 Kd7 42. Rd2 Ke7 43. c4 Bf3 44. b4 Bb7 45. Ra2 Be4 46. c5 bxc5 47.
bxc5 Bd5 48. Rb2 1-0

[Event "Russian Championship G19 2016"]
[Site "Loo"]
[Date "2016.04.21"]
[Round "2.14"]
[White "Chekmareva, Liya"]
[Black "Shakirova, Renata"]
[Result "1-0"]
[WhiteElo "2043"]
[BlackElo "1924"]
[PlyCount "85"]
[EventDate "2016.04.20"]

1. d4 Nf6 2. c4 e6 3. g3 d5 4. Bg2 Be7 5. Nf3 O-O 6. O-O dxc4 7. Qc2 a6 8. a4
Nc6 9. Qxc4 Qd5 10. Qxd5 exd5 11. Bf4 Na5 12. Bxc7 Nb3 13. Ra2 Be6 14. Nbd2
Nxd2 15. Nxd2 Rac8 16. Bf4 Rc2 17. Bf3 Ne4 18. Nxe4 dxe4 19. Bxe4 Rxe2 20. Bf3
Bxa2 21. Bxe2 Rd8 22. Rc1 g5 23. Be3 Bd5 24. Bf1 Bf6 25. Rc7 Kg7 26. Bc4 Bxc4
27. Rxc4 Rd5 28. b4 Be7 29. a5 Bd6 30. Kf1 Kg6 31. Ke2 f5 32. Kd3 h5 33. Bd2 h4
34. Rc8 hxg3 35. hxg3 g4 36. Rd8 Kf6 37. Kc4 Bxb4 38. Kxd5 Bxd2 39. Rf8+ Kg5
40. Ke6 f4 41. gxf4+ Kg6 42. Rg8+ Kh5 43. Kf6 1-0

[Event "Russian Championship G19 2016"]
[Site "Loo"]
[Date "2016.04.21"]
[Round "2.15"]
[White "Porozhnyak, Maya"]
[Black "Alekseeva, Yulia"]
[Result "1-0"]
[WhiteElo "2007"]
[BlackElo "1858"]
[PlyCount "73"]
[EventDate "2016.04.20"]

1. b3 e5 2. Bb2 d6 3. e3 f5 4. Nf3 Nf6 5. d4 e4 6. Nfd2 g6 7. d5 Bg7 8. c4 O-O
9. Nc3 Nbd7 10. Be2 Ne5 11. h3 Nfd7 12. Na4 Qg5 13. g3 Qe7 14. Qc2 Nf6 15. Nc3
Nfd7 16. Na4 Nf6 17. Kf1 g5 18. Rd1 Ng6 19. Ke1 Bd7 20. Nf1 f4 21. Rb1 Ne5 22.
Bxe5 Qxe5 23. g4 fxe3 24. fxe3 Bxa4 25. bxa4 b6 26. Rg1 Nd7 27. Ng3 Nc5 28. Rg2
Rae8 29. Kd2 Rf3 30. Nf5 Rxh3 31. Rf2 Bh8 32. a5 Nb7 33. Qa4 Nc5 34. Qc6 Qc3+
35. Kd1 Qe5 36. Qxc7 Na4 37. Nh6+ 1-0

[Event "Russian Championship G19 2016"]
[Site "Loo"]
[Date "2016.04.21"]
[Round "2.16"]
[White "Efimova, Anastasia"]
[Black "Baryshnikova, Natalija"]
[Result "0-1"]
[WhiteElo "1832"]
[BlackElo "1953"]
[PlyCount "112"]
[EventDate "2016.04.20"]

1. d4 Nf6 2. c4 e6 3. Nc3 Bb4 4. e3 b6 5. Nge2 O-O 6. a3 Be7 7. Ng3 Bb7 8. e4
d6 9. Be2 Nbd7 10. O-O c5 11. d5 Re8 12. Be3 Bf8 13. b4 exd5 14. exd5 Ne5 15.
bxc5 bxc5 16. Bg5 h6 17. Bf4 Ng6 18. Be3 Nd7 19. Qd2 Nb6 20. a4 Ne5 21. Qa2 Ba6
22. Nb5 Nbd7 23. Ne4 Bxb5 24. axb5 Nb6 25. Ng3 Qh4 26. Rfc1 g6 27. Qc2 Bg7 28.
Ra6 f5 29. Nf1 Qf6 30. f3 Nf7 31. Bd3 Qe7 32. Bf2 Ne5 33. Re1 Qg5 34. Kh1 Nxd3
35. Rxe8+ Rxe8 36. Qxd3 Qc1 37. Ra2 Qxc4 38. Qxc4 Nxc4 39. Rxa7 Rb8 40. Ra4 Nb2
41. Ra6 Nd3 42. Ra2 Rxb5 43. g3 Nxf2+ 44. Rxf2 c4 45. Rc2 c3 46. Ne3 Rb2 47.
Rc1 Rd2 48. f4 Rd3 49. Re1 Bd4 50. Nc2 Bc5 51. Rc1 Rxd5 52. Ne1 Rd2 53. Nf3 Rd3
54. Ne1 Re3 55. Ng2 Rf3 56. Ne1 Rf1+ 0-1

[Event "Russian Championship G19 2016"]
[Site "Loo"]
[Date "2016.04.21"]
[Round "2.17"]
[White "Zhivotovskaya, Asya"]
[Black "Nugamanova, Rozalia"]
[Result "1-0"]
[WhiteElo "1951"]
[BlackElo "1826"]
[PlyCount "57"]
[EventDate "2016.04.20"]

1. c4 e6 2. e4 c5 3. Nc3 Nc6 4. g3 b6 5. Bg2 Bb7 6. Nge2 Nf6 7. O-O Be7 8. d4
cxd4 9. Nxd4 O-O 10. a3 Rc8 11. e5 Ne8 12. b3 d6 13. exd6 Nxd6 14. Be3 Nxd4 15.
Bxb7 Nxb7 16. Bxd4 Bf6 17. Bxf6 Qxf6 18. Ne4 Qe5 19. Re1 Rfd8 20. Qf3 Rd7 21.
b4 Rxc4 22. Nc5 Qxa1 23. Rxa1 bxc5 24. Qc6 Rcd4 25. Qc8+ Nd8 26. bxc5 Rd1+ 27.
Kg2 g6 28. c6 R7d5 29. Rxd1 1-0

[Event "Russian Championship G19 2016"]
[Site "Loo"]
[Date "2016.04.21"]
[Round "2.18"]
[White "Leontyeva, Anastasija"]
[Black "Sayafarova, Anna"]
[Result "1/2-1/2"]
[WhiteElo "1823"]
[BlackElo "1947"]
[PlyCount "120"]
[EventDate "2016.04.20"]

1. d4 d5 2. c4 dxc4 3. Nf3 Nf6 4. e3 e6 5. Bxc4 a6 6. Nc3 c5 7. O-O b5 8. Bb3
Bb7 9. Qe2 cxd4 10. Rd1 Be7 11. exd4 O-O 12. a3 Qc7 13. Bg5 Nbd7 14. d5 Nc5 15.
Ba2 exd5 16. Nxd5 Nxd5 17. Bxd5 Bxd5 18. Rxd5 Ne6 19. Bxe7 Qxe7 20. Qe4 Rfe8
21. Re1 Rac8 22. h3 g6 23. Ng5 Qf6 24. Re5 Ng7 25. Qg4 Rcd8 26. Rxe8+ Nxe8 27.
Qh4 h5 28. b4 Ng7 29. Qg3 Nf5 30. Qf4 Qc3 31. Rc1 Qd2 32. Qxd2 Rxd2 33. Rc8+
Kg7 34. Ra8 Rd6 35. Ra7 Rf6 36. Ne4 Rc6 37. Nc5 Nd6 38. Nxa6 Nc8 39. Ra8 Nb6
40. Rd8 Nc4 41. Nc5 Nxa3 42. Rb8 Nc2 43. Rxb5 Nxb4 44. Rxb4 Rxc5 45. Rb6 Rc3
46. Kf1 Rc2 47. g3 Ra2 48. Kg2 Ra3 49. g4 hxg4 50. hxg4 Rc3 51. f3 Ra3 52. Kg3
Rc3 53. Kf4 Ra3 54. Ke4 Rc3 55. Rd6 Ra3 56. f4 Ra1 57. g5 Re1+ 58. Kd5 Rf1 59.
Rf6 Rd1+ 60. Kc6 Ra1 1/2-1/2

[Event "Russian Championship G19 2016"]
[Site "Loo"]
[Date "2016.04.21"]
[Round "2.20"]
[White "Nenasheva, Diana"]
[Black "Dolgaeva, Evgenia"]
[Result "0-1"]
[WhiteElo "1740"]
[BlackElo "1931"]
[PlyCount "94"]
[EventDate "2016.04.20"]

1. d4 Nf6 2. Nf3 g6 3. c4 Bg7 4. e3 O-O 5. Bd3 d6 6. e4 Nbd7 7. h3 e5 8. d5 a5
9. Be3 b6 10. Nc3 Bb7 11. O-O c6 12. Rc1 Rb8 13. Nh2 Ba8 14. dxc6 Bxc6 15. Nd5
Ne8 16. b4 f5 17. f3 Kh8 18. Qc2 fxe4 19. fxe4 Rxf1+ 20. Rxf1 Bxd5 21. exd5
Nef6 22. Nf3 Qe7 23. Ng5 axb4 24. Ne6 Nc5 25. Bxc5 bxc5 26. Qd2 Nh5 27. Qf2 Bh6
28. Qf7 Be3+ 29. Kh2 Qxf7 30. Rxf7 Nf4 31. Nxf4 exf4 32. g3 fxg3+ 33. Kxg3 Ra8
34. Rd7 Bd4 35. Bb1 Be5+ 36. Kg2 Ra3 37. Rf7 Rg3+ 38. Kf2 Rxh3 39. Rf3 Rh1 40.
Bd3 Rh2+ 41. Kg1 Rxa2 42. Rh3 Kg7 43. Rf3 b3 44. Bb1 Rb2 45. Rf1 Rd2 46. Rc1 h5
47. Be4 b2 0-1

[Event "Russian Championship G17 2016"]
[Site "Loo"]
[Date "2016.04.21"]
[Round "2.1"]
[White "Khristenko, Anna"]
[Black "Shuvalova, Polina"]
[Result "0-1"]
[WhiteElo "1962"]
[BlackElo "2196"]
[PlyCount "76"]
[EventDate "2016.04.20"]

1. Nf3 Nf6 2. g3 g6 3. Bg2 Bg7 4. O-O O-O 5. d4 d6 6. a4 c6 7. a5 Na6 8. Nc3 d5
9. Ne5 Bf5 10. Re1 Rc8 11. e4 Nxe4 12. Nxe4 dxe4 13. Bxe4 Bxe4 14. Rxe4 c5 15.
d5 Nb4 16. c4 e6 17. d6 f6 18. Nf3 Qd7 19. Qe2 e5 20. Bd2 Nc6 21. Rd1 Qxd6 22.
Bh6 Qc7 23. Bxg7 Qxg7 24. Rd5 Nb4 25. Rd1 Rfd8 26. Ne1 Nc6 27. Nc2 f5 28. Re3
e4 29. b4 cxb4 30. Rb3 Rxd1+ 31. Qxd1 Rd8 32. Qe2 Qd7 33. Kg2 Qd1 34. Qxd1 Rxd1
35. Nxb4 Nd4 36. Rb2 g5 37. g4 Nf3 38. Kh3 Rg1 0-1

[Event "Russian Championship G17 2016"]
[Site "Loo"]
[Date "2016.04.21"]
[Round "2.2"]
[White "Mylnikova, Olga"]
[Black "Tishova, Svetlana"]
[Result "1-0"]
[WhiteElo "2194"]
[BlackElo "1946"]
[PlyCount "61"]
[EventDate "2016.04.20"]

1. d4 d5 2. c4 dxc4 3. e4 e5 4. Nf3 exd4 5. Bxc4 Nc6 6. O-O Be6 7. Bb5 Bc5 8.
b4 Bb6 9. a4 a6 10. Bxc6+ bxc6 11. a5 Ba7 12. Bb2 Qd6 13. Na3 Qxb4 14. Qc1 Ne7
15. Nc2 Qc4 16. Ncxd4 O-O 17. Qg5 Ng6 18. Rac1 Qb4 19. Ba1 c5 20. Nc6 Qxe4 21.
Ne7+ Kh8 22. Rfe1 Qg4 23. Nxg6+ fxg6 24. Qh6 Rf6 25. Bxf6 gxf6 26. h3 Qf5 27.
Nh4 Qg5 28. Qxg5 fxg5 29. Nxg6+ hxg6 30. Rxe6 c4 31. Rxc4 1-0

[Event "Russian Championship G17 2016"]
[Site "Loo"]
[Date "2016.04.21"]
[Round "2.3"]
[White "Illina, Natalia"]
[Black "Protopopova, Anastasiya"]
[Result "0-1"]
[WhiteElo "1945"]
[BlackElo "2188"]
[PlyCount "144"]
[EventDate "2016.04.20"]

1. e4 e5 2. Nf3 Nc6 3. Bb5 a6 4. Ba4 Nf6 5. d3 b5 6. Bb3 Be7 7. c3 O-O 8. Nbd2
d5 9. O-O Re8 10. Re1 Bf8 11. exd5 Nxd5 12. d4 Bg4 13. Qc2 Nf4 14. Qe4 Qd7 15.
dxe5 Ng6 16. Qd5 Rad8 17. Qxd7 Bxd7 18. Nf1 Ncxe5 19. Nxe5 Nxe5 20. Bg5 Rc8 21.
Rad1 Bg4 22. Rd4 Bf3 23. Ne3 c5 24. Rf4 c4 25. Bc2 h6 26. Bxh6 Bc6 27. Bg5 f6
28. Bxf6 gxf6 29. Rxf6 Bg7 30. Rf4 Rcd8 31. Kf1 Rd2 32. Re2 Rxe2 33. Kxe2 Bh6
34. Rf5 Ng4 35. Rc5 Bxg2 36. a4 Nxe3 37. fxe3 Bxe3 38. Bg6 Re6 39. Bf5 Re8 40.
Bg6 Re7 41. Rc8+ Kg7 42. Re8 Rxe8 43. Bxe8 Bc1 44. axb5 axb5 45. Bxb5 Bd5 46.
Kd1 Bxb2 47. Kd2 Kf6 48. Ba6 Be6 49. h3 Kg5 50. Bb7 Kh4 51. Bg2 Bxh3 52. Bd5
Bf1 53. Kc2 Ba1 54. Be4 Kg4 55. Kd2 Kf4 56. Bd5 Bd3 57. Bg8 Bb2 58. Bf7 Ba3 59.
Bg8 Bc5 60. Bf7 Be7 61. Bg8 Bg5 62. Bf7 Kf3+ 63. Kd1 Ke3 64. Be6 Bf6 65. Bxc4
Bxc4 66. Kc2 Ke2 67. Kb2 Kd2 68. Ka3 Kxc3 69. Ka4 Bd8 70. Ka3 Bb5 71. Ka2 Kc2
72. Ka1 Be7 0-1

[Event "Russian Championship G17 2016"]
[Site "Loo"]
[Date "2016.04.21"]
[Round "2.4"]
[White "Kosheparova, Tatiana"]
[Black "Erdenieva, Oyuna"]
[Result "0-1"]
[WhiteElo "1933"]
[BlackElo "2123"]
[PlyCount "78"]
[EventDate "2016.04.20"]

1. e4 c6 2. d4 d5 3. exd5 cxd5 4. Bd3 Nf6 5. c3 Qc7 6. Ne2 Bg4 7. O-O e6 8. Qe1
Bd6 9. f3 Bh5 10. Qh4 Bg6 11. Bxg6 fxg6 12. Nf4 Kf7 13. Nd3 Nc6 14. f4 Rhf8 15.
Nd2 Kg8 16. Ne5 b5 17. a3 a5 18. Qh3 Rae8 19. g4 b4 20. g5 Nh5 21. Nb1 Rf5 22.
axb4 axb4 23. Be3 Ref8 24. Nd2 bxc3 25. bxc3 Nd8 26. Rac1 Nxf4 27. Bxf4 Rxf4
28. Ndf3 R4f5 29. Qg4 Nf7 30. Nxf7 Qxf7 31. Kg2 Rf4 32. Qh3 Qf5 33. Qxf5 gxf5
34. Rb1 Re4 35. Rb6 Bf4 36. Kf2 Rc8 37. Rb3 Be3+ 38. Ke2 Bxd4+ 39. Kd3 Bc5 0-1

[Event "Russian Championship G17 2016"]
[Site "Loo"]
[Date "2016.04.21"]
[Round "2.5"]
[White "Aksenova, Maria"]
[Black "Yanuchenko, Polina"]
[Result "1-0"]
[WhiteElo "1919"]
[BlackElo "2092"]
[PlyCount "45"]
[EventDate "2016.04.20"]

1. d4 d5 2. c4 e6 3. Nc3 c6 4. Nf3 dxc4 5. a4 Bb4 6. e3 b5 7. Qc2 Nf6 8. Be2
Bb7 9. O-O a6 10. Ne5 Nbd7 11. f4 O-O 12. Bf3 Nd5 13. e4 Nxe5 14. fxe5 Nb6 15.
Be3 Bxc3 16. bxc3 Nxa4 17. Be2 Nb6 18. Rf3 c5 19. Rg3 Kh8 20. Bg5 Qc7 21. Qd2
Bxe4 22. Bf3 Bxf3 23. Bf6 1-0

[Event "Russian Championship G17 2016"]
[Site "Loo"]
[Date "2016.04.21"]
[Round "2.6"]
[White "Gorovenko, Darya"]
[Black "Yurovskikh, Yasmin"]
[Result "1-0"]
[WhiteElo "2082"]
[BlackElo "1892"]
[PlyCount "71"]
[EventDate "2016.04.20"]

1. d4 f5 2. Nc3 Nf6 3. Bg5 d5 4. Bxf6 exf6 5. e3 c6 6. Qf3 Be6 7. Bd3 Qd7 8.
O-O-O Na6 9. a3 b5 10. Nce2 Nc7 11. Nf4 g6 12. Nxe6 Nxe6 13. Nh3 a5 14. Nf4 a4
15. Nxe6 Qxe6 16. c3 Bd6 17. h3 O-O-O 18. g4 fxg4 19. hxg4 Kb7 20. e4 Ka6 21.
exd5 cxd5 22. Rde1 Qf7 23. Qe2 Bf4+ 24. Kd1 Qb7 25. Qf3 Bg5 26. Re6+ Ka7 27.
Qe2 Qc7 28. Bxb5 Qf4 29. Kc2 f5 30. Bxa4 Rd6 31. Rxd6 Qxd6 32. gxf5 Qf4 33.
fxg6 Qf5+ 34. Qd3 Qxf2+ 35. Kb1 h6 36. Rf1 1-0

[Event "Russian Championship G17 2016"]
[Site "Loo"]
[Date "2016.04.21"]
[Round "2.7"]
[White "Martynyuk, Elizaveta"]
[Black "Dorofeeva, Nyurguiaana"]
[Result "1-0"]
[WhiteElo "2059"]
[BlackElo "1851"]
[PlyCount "89"]
[EventDate "2016.04.20"]

1. e4 c6 2. Nf3 d5 3. Nc3 Bg4 4. h3 Bxf3 5. Qxf3 e6 6. d3 Nd7 7. Bd2 Ngf6 8. g4
h6 9. O-O-O Qc7 10. h4 Ne5 11. Qg3 O-O-O 12. Bh3 Nexg4 13. Bf4 Bd6 14. Bxd6
Qxd6 15. f4 Nh5 16. Qxg4 Qxf4+ 17. Qxf4 Nxf4 18. Rdf1 g5 19. hxg5 hxg5 20. Bg4
dxe4 21. dxe4 Rdf8 22. Rxh8 Rxh8 23. Ne2 Nxe2+ 24. Bxe2 Rh4 25. Bd3 Rf4 26.
Rxf4 gxf4 27. e5 Kd7 28. Kd2 Ke7 29. Ke2 f6 30. exf6+ Kxf6 31. Kf3 e5 32. Ke4
Ke6 33. Bc4+ Kd6 34. b4 b6 35. Bb3 a5 36. a3 axb4 37. axb4 b5 38. c3 c5 39. Bg8
cxb4 40. cxb4 Ke7 41. Kxe5 f3 42. Bh7 Kd7 43. Bd3 Kc6 44. Be4+ Kb6 45. Bxf3 1-0

[Event "Russian Championship G17 2016"]
[Site "Loo"]
[Date "2016.04.21"]
[Round "2.8"]
[White "Abasheeva, Ksenia"]
[Black "Borisova, Ekaterina"]
[Result "0-1"]
[WhiteElo "1886"]
[BlackElo "2058"]
[PlyCount "82"]
[EventDate "2016.04.20"]

1. e4 c5 2. Nf3 d6 3. d4 Nf6 4. Nc3 cxd4 5. Nxd4 Nc6 6. Bg5 Bd7 7. Qd2 Rc8 8.
O-O-O Nxd4 9. Qxd4 Qa5 10. Bxf6 gxf6 11. Kb1 Rg8 12. f4 Bg7 13. f5 Qc5 14. Qd2
b5 15. Nd5 Bh6 16. Qc3 Qf2 17. Qb3 Qc5 18. Rd3 b4 19. Rh3 Qf2 20. Bc4 Qxg2 21.
Rd1 Qg4 22. Rhd3 Kf8 23. Nxe7 Kxe7 24. Rxd6 Rgd8 25. Qxb4 Ke8 26. Bb5 Rc7 27.
Qd4 Qg2 28. Qd3 Bf4 29. Rxd7 Rcxd7 30. Bxd7+ Kf8 31. Qa3+ Kg7 32. Qe7 Qg4 33.
Re1 Bd2 34. Qxd8 Bxe1 35. Bc6 Ba5 36. Qd4 Bb6 37. Qd2 Qg1+ 38. Qc1 Qxh2 39. a4
h5 40. Ka2 h4 41. c4 Bc5 0-1

[Event "Russian Championship G17 2016"]
[Site "Loo"]
[Date "2016.04.21"]
[Round "2.9"]
[White "Troyanok, Tatiana"]
[Black "Korchagina, Alena"]
[Result "0-1"]
[WhiteElo "1772"]
[BlackElo "2031"]
[PlyCount "76"]
[EventDate "2016.04.20"]

1. d4 Nf6 2. c4 c5 3. d5 b5 4. Bg5 Qb6 5. Nc3 bxc4 6. Qc2 Na6 7. a3 Rb8 8. Rb1
g6 9. e4 Bg7 10. Bxc4 O-O 11. Nge2 d6 12. O-O Nc7 13. b4 Ba6 14. b5 Bc8 15. Na4
Qb7 16. b6 axb6 17. Nxb6 Qa7 18. Nxc8 Rfxc8 19. Qd3 h6 20. Rxb8 Rxb8 21. Bxf6
Bxf6 22. f4 Ra8 23. e5 Bg7 24. Rf3 Qa5 25. f5 Bxe5 26. fxg6 Qe1+ 27. Rf1 Bxh2+
28. Kxh2 Qxf1 29. gxf7+ Qxf7 30. Qh3 Qf6 31. Qg3+ Qg5 32. Qb3 Rf8 33. g3 Qh5+
34. Kg2 Qg4 35. Qd3 Qf5 36. Qxf5 Rxf5 37. Nf4 Kg7 38. Kf3 Rf8 0-1

[Event "Russian Championship G17 2016"]
[Site "Loo"]
[Date "2016.04.21"]
[Round "2.10"]
[White "Nosacheva, Mariya"]
[Black "Borunova, Tatiana"]
[Result "1-0"]
[WhiteElo "2021"]
[BlackElo "1699"]
[PlyCount "79"]
[EventDate "2016.04.20"]

1. e4 e5 2. Nf3 Nc6 3. Bb5 a6 4. Ba4 d6 5. c3 Bd7 6. O-O g6 7. d4 b5 8. Bb3
exd4 9. cxd4 Bg7 10. e5 dxe5 11. dxe5 Nh6 12. Bg5 Ne7 13. Qc1 Ng4 14. Qf4 Rf8
15. Bf6 Bh6 16. Bg5 Bg7 17. Nc3 f6 18. e6 Bc6 19. Rad1 Qc8 20. Qxg4 Bxf3 21.
Qxf3 fxg5 22. Qe3 c5 23. Ne4 Nf5 24. Qxg5 Qc6 25. Bd5 Qc8 26. Bxa8 Qxa8 27.
Nd6+ Nxd6 28. Rxd6 Rf5 29. Qh4 Rh5 30. Qf4 Rf5 31. Qd2 Be5 32. Rxa6 Qb7 33. g3
Bd4 34. Rd6 Qb8 35. Rd7 Rf3 36. Qg5 Bf6 37. Qxc5 Rf5 38. Qc6 Kf8 39. Rc7 Qe8
40. Rf7+ 1-0

[Event "Russian Championship G17 2016"]
[Site "Loo"]
[Date "2016.04.21"]
[Round "2.11"]
[White "Kozina, Anastasia"]
[Black "Alekseeva, Angelina"]
[Result "1-0"]
[WhiteElo "1994"]
[BlackElo "1619"]
[PlyCount "69"]
[EventDate "2016.04.20"]

1. e4 d5 2. exd5 Qxd5 3. Nf3 Nf6 4. d4 Bg4 5. Be2 Nc6 6. O-O O-O-O 7. c4 Qf5 8.
Be3 e5 9. d5 e4 10. Nd4 Nxd4 11. Bxd4 Bd6 12. Bxf6 Bxe2 13. Qxe2 Qxf6 14. Nc3
Qe5 15. g3 Rhe8 16. Qe3 b6 17. Nb5 Kb7 18. Nxd6+ Qxd6 19. Rac1 Re5 20. Rfd1 Qe7
21. Qe2 f5 22. c5 a5 23. d6 cxd6 24. cxb6 Kxb6 25. b4 a4 26. Qc4 Qd7 27. b5 Rc5
28. Qxa4 Rxb5 29. Rb1 Qc6 30. Rdc1 Qd5 31. Qc2 Rd7 32. Rxb5+ Kxb5 33. Rb1+ Ka5
34. Qc3+ Ka6 35. Qc8+ 1-0